书目信息 |
| 题名: |
房地产开发与经营
|
|
| 作者: | 柳立生 主编 | |
| 分册: | ||
| 出版信息: | 武汉 武汉理工大学出版社 2009.08 |
|
| 页数: | 210页 | |
| 开本: | 28cm | |
| 丛书名: | ||
| 单 册: | ||
| 中图分类: | F293.3 | |
| 科图分类: | ||
| 主题词: | 房地产管理--高等学校--教材 , 房地产开发--高等学校--教材 | |
| 电子资源: | ||
| ISBN: | 978-7-5629-2949-9 | |
| 000 | 00955nam0 2200241 450 | |
| 001 | 1239661169 | |
| 005 | 20120408110128.26 | |
| 010 | @a978-7-5629-2949-9@dCNY24.00 | |
| 100 | @a20091119d2009 y0chiy0110 ea | |
| 101 | 0 | @achi |
| 102 | @aCN@b420000 | |
| 105 | @ay z 000yy | |
| 200 | 1 | @a房地产开发与经营@9fang di chan kai fa yu jing ying@f柳立生主编 |
| 210 | @a武汉@c武汉理工大学出版社@d2009.08 | |
| 215 | @a210页@d28cm | |
| 300 | @a高等学校土建类专业应用型本科系列教材 | |
| 330 | @a本书介绍了房地产开发与经营全过程的理论与实践,主要包括房地产开发基础知识、房地产开发项目策划、房地产开发项目可行性研究、房地产开发项目的前期工作、房地产开发项目的工程建设管理、房地产开发项目产品租售经营、房地产物业管理、房地产开发与经营项目后评价共8个部分。 | |
| 606 | 0 | @a房地产管理@x高等学校@j教材 |
| 606 | 0 | @a房地产开发@x高等学校@j教材 |
| 690 | @aF293.3@v4 | |
| 701 | 0 | @a柳立生@9liu li sheng@4主编 |
| 801 | 0 | @aCN@bSG02@c20091119 |
| 905 | @aZUCC@dF293.3@eL752 | |
| 房地产开发与经营/柳立生主编.-武汉:武汉理工大学出版社,2009.08 |
| 210页;28cm |
| 高等学校土建类专业应用型本科系列教材 |
| ISBN 978-7-5629-2949-9:CNY24.00 |
| 本书介绍了房地产开发与经营全过程的理论与实践,主要包括房地产开发基础知识、房地产开发项目策划、房地产开发项目可行性研究、房地产开发项目的前期工作、房地产开发项目的工程建设管理、房地产开发项目产品租售经营、房地产物业管理、房地产开发与经营项目后评价共8个部分。 |
| ● |
| 相关链接 |
|
|
|
正题名:房地产开发与经营
索取号:F293.3/L752
 
预约/预借
| 序号 | 登录号 | 条形码 | 馆藏地/架位号 | 状态 | 备注 |
| 1 | 485828 | 204858289 | 土木与交通工程学院资料室/ [索取号:F293.3/L752] | 在馆 |